[Event "13.Città di Padova Open A"]
[Site "Padova Ex Fornace Carotta"]
[Date "2010.12.15"]
[Round "5.11"]
[White "Zuttioni, Federico"]
[Black "Gallo, Enrico"]
[Result "1-0"]
[WhiteElo "1968"]
[BlackElo "2093"]
[Annotator "Gabriele Ballarin"]
[PlyCount "59"]
[EventDate "2010.12.12"]
[EventType "swiss"]
[EventRounds "9"]
[EventCountry "ITA"]

1. e4 e6 2. d4 d5 3. Nc3 Bb4 4. Nge2 dxe4 5. a3 Be7 6. Nxe4 Nd7 7. g3 Ngf6 8. Nxf6+ Bxf6 9. Bg2 O-O 10. O-O Qe7 11. Re1 Rd8 12. c3 Nb6 13. Nf4 c5 14. d5 g6 15. a4 Qc7 16. Qf3 Rf8 17. Nh5 Be5 18. Bh6 gxh5 19. d6 Qxd6 20. Rad1 Qc7 21. Qxh5 f5 22. Bxf8 Kxf8 23. Rxe5 Qe7 24. Qh6+ Qg7 25. Rd8+ Kf7 26. Qxg7+ Kxg7 27. Rxc5 Bd7 28. Rxa8 Nxa8 29. Bxb7 Nb6 30. a5 1-0

[Event "13.Città di Padova Open A"]
[Site "Padova Ex Fornace Carotta"]
[Date "2010.12.15"]
[Round "5.12"]
[White "Giuriato, Sergio"]
[Black "Isatto, Davide"]
[Result "1/2-1/2"]
[WhiteElo "1934"]
[BlackElo "1931"]
[Annotator "Gabriele Ballarin"]
[PlyCount "87"]
[EventDate "2010.12.12"]
[EventType "swiss"]
[EventRounds "9"]
[EventCountry "ITA"]

1. d4 Nf6 2. c4 g6 3. Nf3 Bg7 4. g3 O-O 5. Bg2 c6 6. O-O d6 7. Nc3 Nbd7 8. e4 e5 9. h3 a6 10. Re1 Qe7 11. Be3 b5 12. cxb5 cxb5 13. Nd5 Nxd5 14. exd5 Bb7 15. dxe5 Nxe5 16. Bf4 Nxf3+ 17. Qxf3 Qf6 18. Rab1 Rfe8 19. Rxe8+ Rxe8 20. h4 h6 21. Qd3 Bc8 22. Qd2 Kh7 23. Qb4 Bf8 24. Re1 Rxe1+ 25. Qxe1 Qe7 26. Qb4 g5 27. hxg5 hxg5 28. Be3 Bg7 29. Bb6 Kg8 30. b3 Bb7 31. a4 bxa4 32. bxa4 Qe5 33. Qc4 Qc3 34. Qxc3 Bxc3 35. Bd8 f6 36. Be7 Be5 37. Kf1 Kf7 38. Bd8 Bc8 39. Ke2 Bd7 40. a5 g4 41. Ke3 Bb5 42. Be4 Bc4 43. Bc7 Kg7 44. Bb6 1/2-1/2

[Event "13.Città di Padova Open A"]
[Site "Padova Ex Fornace Carotta"]
[Date "2010.12.15"]
[Round "5.13"]
[White "Franco, Alessandro P"]
[Black "Valenti, Giuseppe"]
[Result "1/2-1/2"]
[WhiteElo "1906"]
[BlackElo "2122"]
[Annotator "Gabriele Ballarin"]
[PlyCount "64"]
[EventDate "2010.12.12"]
[EventType "swiss"]
[EventRounds "9"]
[EventCountry "ITA"]

1. e4 d6 2. d4 Nf6 3. Nc3 e5 4. Bg5 c6 5. f4 h6 6. Bh4 exf4 7. Nf3 g5 8. Bf2 Qa5 9. Bd3 Be6 10. e5 Nd5 11. O-O Nxc3 12. bxc3 Nd7 13. Rb1 b5 14. Qe2 d5 15. Nd2 a6 16. a4 Qc7 17. g3 fxg3 18. Bxg3 Bg7 19. Qh5 bxa4 20. Bg6 Nf8 21. Rxf7 Bxf7 22. Rf1 Bxg6 23. Rxf8+ Kxf8 24. Qxg6 h5 25. e6 Qb7 26. e7+ Kg8 27. Qe6+ Kh7 28. Qf5+ Kh6 29. Qe6+ Kh7 30. Qf5+ Kg8 31. Qe6+ Kh7 32. Qf5+ Kg8 1/2-1/2

[Event "13.Città di Padova Open A"]
[Site "Padova Ex Fornace Carotta"]
[Date "2010.12.15"]
[Round "5.14"]
[White "Bondielli, Giorgio"]
[Black "Litrico, Paolo"]
[Result "1/2-1/2"]
[WhiteElo "1872"]
[BlackElo "1946"]
[Annotator "Gabriele Ballarin"]
[PlyCount "67"]
[EventDate "2010.12.12"]
[EventType "swiss"]
[EventRounds "9"]
[EventCountry "ITA"]

1. e4 e5 2. Nf3 Nc6 3. d4 exd4 4. Bc4 Nf6 5. O-O Nxe4 6. Re1 d5 7. Bxd5 Qxd5 8. Nc3 Qa5 9. Nxe4 Be6 10. Neg5 O-O-O 11. Nxe6 fxe6 12. Rxe6 Bd6 13. Bg5 Rdf8 14. Bh4 Qf5 15. Re2 g5 16. Bg3 Rd8 17. Rd2 Bxg3 18. hxg3 Qg4 19. Nh2 Qe4 20. Qf3 Qg6 21. Qg4+ Kb8 22. Nf3 Rhg8 23. Re1 h5 24. Qe6 Qg7 25. Ne5 Nxe5 26. Qxe5 Qf7 27. Rxd4 Rde8 28. Qa5 Ref8 29. Re2 b6 30. Qd5 Qf6 31. Qe5 Qc6 32. Qd5 Qf6 33. Qe5 Qc6 34. Qd5 1/2-1/2

[Event "13.Città di Padova Open A"]
[Site "Padova Ex Fornace Carotta"]
[Date "2010.12.15"]
[Round "5.15"]
[White "Antoniacci, Ricardo"]
[Black "De Marchi, Alessandro"]
[Result "1-0"]
[WhiteElo "1923"]
[BlackElo "1666"]
[Annotator "Gabriele Ballarin"]
[PlyCount "77"]
[EventDate "2010.12.12"]
[EventType "swiss"]
[EventRounds "9"]
[EventCountry "ITA"]

1. e4 c5 2. Nf3 e6 3. d3 Nc6 4. g3 g6 5. Bg2 Bg7 6. O-O Nge7 7. Nc3 O-O 8. Be3 d6 9. Qd2 Qa5 10. Bh6 b5 11. Bxg7 Kxg7 12. e5 d5 13. a4 b4 14. Nb5 a6 15. Nd6 Bd7 16. Qe3 Nf5 17. Nxf5+ exf5 18. d4 Rfe8 19. Rfd1 cxd4 20. Nxd4 Nxe5 21. Nb3 Qc7 22. Rxd5 Bc6 23. Rc5 Bxg2 24. Rxc7 Bd5 25. Qd4 Rad8 26. Rd1 Bxb3 27. Qxd8 Nf3+ 28. Kg2 Rxd8 29. Rxd8 Ne1+ 30. Kf1 Nxc2 31. a5 Ba4 32. Ra8 Bb5+ 33. Kg1 Nd4 34. f4 Nb3 35. Raa7 Nxa5 36. Rxf7+ Kg8 37. Rg7+ Kf8 38. Rxh7 Kg8 39. Rhc7 1-0

[Event "13.Città di Padova Open A"]
[Site "Padova Ex Fornace Carotta"]
[Date "2010.12.15"]
[Round "5.16"]
[White "Belloni, Umberto"]
[Black "Binder, Andrea"]
[Result "0-1"]
[WhiteElo "1866"]
[BlackElo "1898"]
[Annotator "Gabriele Ballarin"]
[PlyCount "78"]
[EventDate "2010.12.12"]
[EventType "swiss"]
[EventRounds "9"]
[EventCountry "ITA"]

1. d4 d6 2. f4 Nf6 3. Nf3 g6 4. e3 Bg7 5. c3 O-O 6. Be2 Nbd7 7. O-O b6 8. Qc2 Bb7 9. Nh4 e5 10. Bf3 e4 11. Be2 c5 12. Qb3 Rc8 13. Na3 a6 14. Bd2 b5 15. Rac1 Bc6 16. Qd1 Nd5 17. g3 N5b6 18. Ng2 Bb7 19. Nb1 f5 20. Rc2 Qe7 21. a3 Bf6 22. h4 h5 23. Bc1 Kg7 24. Nd2 Rfe8 25. Nb3 Bd5 26. Nd2 cxd4 27. cxd4 Na4 28. Ne1 Ndb6 29. Rxc8 Rxc8 30. Nc2 Bf7 31. Nb4 Qb7 32. Nc2 Rc7 33. Nb4 Qc8 34. Re1 a5 35. Bxb5 axb4 36. axb4 Bd8 37. Be2 Rc2 38. Ba6 Rxc1 39. Qxc1 Qxa6 0-1

[Event "13.Città di Padova Open A"]
[Site "Padova Ex Fornace Carotta"]
[Date "2010.12.15"]
[Round "5.17"]
[White "Di Lazzaro, Gabriele"]
[Black "Zordan, Antonio"]
[Result "1/2-1/2"]
[WhiteElo "1901"]
[BlackElo "1778"]
[Annotator "Gabriele Ballarin"]
[PlyCount "141"]
[EventDate "2010.12.12"]
[EventType "swiss"]
[EventRounds "9"]
[EventCountry "ITA"]

1. e4 c5 2. Nf3 g6 3. c3 Bg7 4. d4 cxd4 5. cxd4 Nc6 6. Nc3 d6 7. Be2 Nf6 8. d5 Nb8 9. O-O O-O 10. Be3 Nbd7 11. Qc2 Nc5 12. Rac1 a5 13. h3 Bd7 14. Nd4 Rc8 15. Qb1 Ne8 16. b4 axb4 17. Qxb4 Nc7 18. Qb1 N7a6 19. Bb5 e6 20. Bxd7 Qxd7 21. dxe6 fxe6 22. Rfd1 Rfd8 23. Nde2 Rc6 24. Nb5 Qe7 25. Bd4 Bh6 26. Rc3 Rb6 27. Rf3 Qe8 28. Nec3 Rc8 29. a4 Nc7 30. Bxc5 dxc5 31. Rfd3 Nxb5 32. Nxb5 Bg7 33. Qa2 Ra8 34. Qc4 Bf8 35. Rd7 Qb8 36. Nc7 Raa6 37. Nxa6 bxa6 38. Qc2 Rb2 39. Qc3 Rb7 40. Rxb7 Qxb7 41. Qe5 Kf7 42. Qf4+ Kg7 43. e5 Be7 44. Qc4 Qc6 45. Rd3 h6 46. Rf3 g5 47. Re3 Qb6 48. Rb3 Qc6 49. Re3 Qb6 50. Kh2 a5 51. Rb3 Qc6 52. Rb5 Qd5 53. Qe2 Bd8 54. g3 Bc7 55. f4 Bd8 56. Qc2 Qf3 57. Qg2 Qe3 58. Rb7+ Kg6 59. Rd7 Bb6 60. Rd6 c4 61. Rxe6+ Kf7 62. Rf6+ Ke7 63. Qb7+ Ke8 64. Rxb6 Qf2+ 65. Qg2 Qxb6 66. Qa8+ Ke7 67. Qg2 c3 68. Qe4 Qf2+ 69. Kh1 Qf1+ 70. Kh2 Qf2+ 71. Kh1 1/2-1/2

[Event "13.Città di Padova Open A"]
[Site "Padova Ex Fornace Carotta"]
[Date "2010.12.15"]
[Round "5.18"]
[White "Traversi, Carlo"]
[Black "Militello, Michele"]
[Result "0-1"]
[WhiteElo "1652"]
[BlackElo "1817"]
[Annotator "Gabriele Ballarin"]
[PlyCount "78"]
[EventDate "2010.12.12"]
[EventType "swiss"]
[EventRounds "9"]
[EventCountry "ITA"]

1. e4 e5 2. Nf3 d6 3. Nc3 Nf6 4. d4 Nbd7 5. Be2 Be7 6. O-O O-O 7. h3 c6 8. Be3 Qc7 9. a4 b6 10. Bd3 a6 11. Ne2 c5 12. c3 Re8 13. Ng3 g6 14. Bh6 Bf8 15. Bxf8 Nxf8 16. d5 c4 17. Bc2 Bd7 18. Qd2 Kg7 19. Rfe1 Qc5 20. Nf1 Reb8 21. Qe3 Qc7 22. N1d2 b5 23. Reb1 Nh5 24. b3 cxb3 25. Rxb3 bxa4 26. Rxb8 Rxb8 27. Bxa4 Qa5 28. Nc4 Qc7 29. Bxd7 Qxc4 30. Bc6 Nf4 31. Nd2 Qxc3 32. Qxc3 Ne2+ 33. Kf1 Nxc3 34. Rxa6 Rb2 35. Ra3 Rc2 36. g3 Rc1+ 37. Kg2 Ne2 38. Kf3 Nd4+ 39. Ke3 Nc2+ 0-1

[Event "13.Città di Padova Open A"]
[Site "Padova Ex Fornace Carotta"]
[Date "2010.12.15"]
[Round "5.19"]
[White "Lodi, Paolo"]
[Black "Rizzo, Giuseppe"]
[Result "1-0"]
[WhiteElo "1641"]
[BlackElo "1671"]
[Annotator "Gabriele Ballarin"]
[PlyCount "77"]
[EventDate "2010.12.12"]
[EventType "swiss"]
[EventRounds "9"]
[EventCountry "ITA"]

1. Nf3 g6 2. c4 Bg7 3. g3 b6 4. Bg2 Bb7 5. d3 d6 6. Nc3 Nd7 7. O-O e6 8. Qc2 Ne7 9. Rb1 O-O 10. b3 e5 11. e4 Nc5 12. Be3 Ne6 13. Qd2 Nc6 14. Bh6 Ncd4 15. Bxg7 Kxg7 16. Nxd4 Nxd4 17. Ne2 Ne6 18. h4 c5 19. Bh3 Bc8 20. Kg2 Nd4 21. Nxd4 Bxh3+ 22. Kxh3 cxd4 23. f3 Qd7+ 24. Kg2 f5 25. h5 f4 26. hxg6 fxg3 27. Rh1 hxg6 28. Qh6+ Kf6 29. Qh4+ Ke6 30. Qg4+ Ke7 31. Rh7+ Rf7 32. Qg5+ Kf8 33. Rh8+ Kg7 34. Rxa8 Qb7 35. Qd8 g5 36. Rh1 Kg6 37. Qh8 Rg7 38. Rh6+ Kf7 39. Qf8# 1-0

[Event "13.Città di Padova Open A"]
[Site "Padova Ex Fornace Carotta"]
[Date "2010.12.15"]
[Round "5.20"]
[White "Bozzao, Francesco"]
[Black "Zanini, Andrea"]
[Result "1/2-1/2"]
[WhiteElo "1881"]
[BlackElo "1687"]
[Annotator "Gabriele Ballarin"]
[PlyCount "60"]
[EventDate "2010.12.12"]
[EventType "swiss"]
[EventRounds "9"]
[EventCountry "ITA"]

1. d4 d5 2. Nf3 Nc6 3. e3 Nf6 4. Nbd2 e6 5. b3 Bd6 6. Bb2 O-O 7. a3 Re8 8. Bd3 e5 9. dxe5 Nxe5 10. Be2 c6 11. O-O Bg4 12. h3 Bd7 13. c4 Qc8 14. Nxe5 Bxe5 15. Bxe5 Rxe5 16. Nf3 Re8 17. Kh2 Qc7+ 18. Kh1 Rad8 19. cxd5 Nxd5 20. Qc2 Qc8 21. Kh2 Qc7+ 22. g3 Qc8 23. Ng1 Re6 24. Bg4 Rh6 25. Bxd7 Rxd7 26. Rad1 Rhd6 27. e4 Ne7 28. Rxd6 Rxd6 29. Rd1 Qd8 30. Rxd6 Qxd6 1/2-1/2

[Event "13.Città di Padova Open A"]
[Site "Padova Ex Fornace Carotta"]
[Date "2010.12.06"]
[Round "6.1"]
[White "Lazic, Miroljub"]
[Black "Solomon, Kenny"]
[Result "1-0"]
[WhiteElo "2480"]
[BlackElo "2215"]
[Annotator "Gabriele Ballarin"]
[PlyCount "151"]
[EventDate "2010.12.12"]
[EventType "swiss"]
[EventRounds "9"]
[EventCountry "ITA"]

1. g3 d5 2. Nf3 c6 3. Bg2 Bg4 4. O-O Nd7 5. d3 e6 6. Nbd2 Bd6 7. e4 Ne7 8. h3 Bh5 9. Qe1 O-O 10. b3 Re8 11. Bb2 a5 12. a3 Qb8 13. d4 b5 14. Nh4 Ng6 15. Nhf3 Ngf8 16. e5 Be7 17. Qe3 c5 18. Rfe1 Bg6 19. dxc5 Bxc5 20. Bd4 Be7 21. c4 bxc4 22. bxc4 dxc4 23. Nxc4 Rc8 24. Nfd2 Ra6 25. Rec1 a4 26. Rc3 f6 27. f4 fxe5 28. fxe5 Bc5 29. Rac1 Qa7 30. Nf3 Rac6 31. Kh2 Bxd4 32. Nxd4 R6c7 33. Nc6 Qxe3 34. Nxe3 Kh8 35. Rc4 Nb6 36. Rb4 Nfd7 37. Rd1 Rxc6 38. Bxc6 Rxc6 39. Rd6 Rxd6 40. exd6 Bd3 41. Ng4 Kg8 42. Ne5 Nxe5 43. Rxb6 Kf7 44. Rb7+ Kf6 45. Rb4 Bc2 46. Rf4+ Kg6 47. Rc4 Bb3 48. Rc8 Bd5 49. g4 Bc6 50. Kg3 Bd7 51. Rc7 Kf6 52. Kf4 h6 53. Ke4 Be8 54. Kd4 Nd7 55. Ra7 e5+ 56. Kd5 g5 57. Ra5 h5 58. gxh5 Bxh5 59. Kc6 Ke6 60. Rxa4 Bf3+ 61. Kc7 Nf6 62. Ra6 Nd7 63. a4 Bd5 64. a5 e4 65. Rb6 e3 66. Rb1 Bc4 67. Re1 e2 68. Kc6 Bd3 69. Kc7 Bb5 70. Ra1 Bd3 71. Rc1 Ne5 72. Ra1 Bb5 73. a6 Bc6 74. Re1 Bf3 75. a7 Nf7 76. d7 1-0

[Event "13.Città di Padova Open A"]
[Site "Padova Ex Fornace Carotta"]
[Date "2010.12.16"]
[Round "6.2"]
[White "Zaja, Ivan"]
[Black "Genocchio, Daniele"]
[Result "1/2-1/2"]
[WhiteElo "2489"]
[BlackElo "2433"]
[Annotator "Gabriele Ballarin"]
[PlyCount "90"]
[EventDate "2010.12.12"]
[EventType "swiss"]
[EventRounds "9"]
[EventCountry "ITA"]

1. d4 f5 2. Nc3 Nf6 3. Bg5 d5 4. Bxf6 exf6 5. e3 Be6 6. Bd3 Nc6 7. Nge2 Qd7 8. Nf4 Bf7 9. h4 h5 10. Bb5 a6 11. Be2 g6 12. Bf3 Bb4 13. Qd2 Na5 14. Bxd5 O-O-O 15. Bxf7 Qxf7 16. b3 c5 17. Nd3 cxd4 18. Nxb4 dxe3 19. Qc1 Qe7 20. Ncd5 Qc5 21. O-O exf2+ 22. Rxf2 Nc6 23. Qe3 Qxe3 24. Nxe3 Nxb4 25. a3 Nc6 26. Rd1 Rxd1+ 27. Nxd1 Re8 28. Kf1 Re4 29. g3 Nd4 30. Rd2 Nf3 31. Rd6 Nh2+ 32. Kf2 Kc7 33. Rd2 Ng4+ 34. Kg2 f4 35. Kf3 Re1 36. gxf4 Rf1+ 37. Kg3 Rg1+ 38. Kf3 Rf1+ 39. Kg3 Rg1+ 40. Kf3 Re1 41. Rd3 Rf1+ 42. Kg3 Rg1+ 43. Kf3 Rf1+ 44. Kg3 Rg1+ 45. Kf3 Rf1+ 1/2-1/2

[Event "13.Città di Padova Open A"]
[Site "Padova Ex Fornace Carotta"]
[Date "2010.12.16"]
[Round "6.3"]
[White "Naumkin, Igor"]
[Black "Laketic, Gojko"]
[Result "0-1"]
[WhiteElo "2506"]
[BlackElo "2459"]
[Annotator "Gabriele Ballarin"]
[PlyCount "56"]
[EventDate "2010.12.12"]
[EventType "swiss"]
[EventRounds "9"]
[EventCountry "ITA"]

1. d4 Nf6 2. c4 c5 3. d5 b5 4. cxb5 a6 5. bxa6 Bxa6 6. Nc3 d6 7. f4 g6 8. Nf3 Bg7 9. e4 Bxf1 10. Rxf1 O-O 11. Kf2 Nbd7 12. Kg1 c4 13. Kh1 Nc5 14. Qc2 Nd3 15. a4 Qb6 16. Ra3 Rfb8 17. e5 Ng4 18. Nd1 dxe5 19. h3 e4 20. hxg4 exf3 21. gxf3 Qf6 22. Qxc4 Qh4+ 23. Kg2 Ne1+ 24. Rxe1 Qxe1 25. Qd3 Rd8 26. Be3 Qa5 27. Nc3 Rab8 28. Nb5 Bxb2 0-1

[Event "13.Città di Padova Open A"]
[Site "Padova Ex Fornace Carotta"]
[Date "2010.12.16"]
[Round "6.4"]
[White "Collutiis, Duilio"]
[Black "Santolini, Luigi"]
[Result "1-0"]
[WhiteElo "2473"]
[BlackElo "2235"]
[Annotator "Gabriele Ballarin"]
[PlyCount "109"]
[EventDate "2010.12.12"]
[EventType "swiss"]
[EventRounds "9"]
[EventCountry "ITA"]

1. e4 c6 2. d4 d5 3. Nd2 dxe4 4. Nxe4 Bf5 5. Ng3 Bg6 6. N1e2 Nf6 7. Nf4 e6 8. h4 Bd6 9. h5 Bxf4 10. Bxf4 Bf5 11. Qd2 O-O 12. O-O-O b5 13. f3 a5 14. h6 Bg6 15. hxg7 Re8 16. Bg5 Nbd7 17. Nh5 Bxh5 18. Rxh5 Nxh5 19. Bxd8 Rexd8 20. Qh6 Nxg7 21. Bd3 Nf8 22. g4 Rac8 23. Bxh7+ Nxh7 24. Rh1 Kf8 25. Qxh7 Ne8 26. g5 Ke7 27. g6 Nd6 28. Qh4+ Kd7 29. Qf6 Rf8 30. Rh7 Rce8 31. c3 Re7 32. b3 Rg8 33. gxf7 Rf8 34. Qe5 Rexf7 35. Rxf7+ Rxf7 36. Qe3 Nf5 37. Qf2 Nd6 38. Kc2 Rf5 39. Qg3 Rf7 40. Kd3 Rf5 41. Ke2 a4 42. bxa4 bxa4 43. Qg7+ Rf7 44. Qg8 Rf5 45. Qh7+ Rf7 46. Qb1 Rf5 47. Qb6 Nb5 48. c4 Nc3+ 49. Ke3 Nxa2 50. Qb2 Ra5 51. Qxa2 a3 52. Kd3 Kd6 53. Qh2+ Kd7 54. c5 Ra6 55. Qb8 1-0

[Event "13.Città di Padova Open A"]
[Site "Padova Ex Fornace Carotta"]
[Date "2010.12.16"]
[Round "6.5"]
[White "Boscolo, Federico Meneguolo"]
[Black "Mrdja, Milan"]
[Result "0-1"]
[WhiteElo "2179"]
[BlackElo "2418"]
[Annotator "Gabriele Ballarin"]
[PlyCount "82"]
[EventDate "2010.12.12"]
[EventType "swiss"]
[EventRounds "9"]
[EventCountry "ITA"]

1. e4 d5 2. exd5 Qxd5 3. Nc3 Qd6 4. d4 Nf6 5. Nf3 g6 6. Bc4 Bg7 7. O-O O-O 8. Re1 a6 9. Bb3 Nc6 10. Ne2 Bg4 11. Bf4 Qd8 12. Ne5 Bxe2 13. Nxc6 Bxd1 14. Nxd8 Bxc2 15. Bxf7+ Rxf7 16. Nxf7 Kxf7 17. Rac1 Ba4 18. Bxc7 Bc6 19. Be5 Bh6 20. f4 Nd5 21. g3 Rd8 22. a3 e6 23. Rc2 Bf8 24. Rec1 Rd7 25. Kf2 Be7 26. Rxc6 bxc6 27. Rxc6 a5 28. Ra6 Rb7 29. Rxa5 Rxb2+ 30. Kf3 Rb3+ 31. Kg4 h5+ 32. Kh3 Rxa3 33. Rb5 Ra4 34. Rb8 Bf8 35. Kh4 Ne3 36. Kg5 Nf5 37. Rxf8+ Kxf8 38. Kxg6 Ra2 39. Kxh5 Rxh2+ 40. Kg4 Kf7 41. d5 Rg2 0-1

[Event "13.Città di Padova Open A"]
[Site "Padova Ex Fornace Carotta"]
[Date "2010.12.16"]
[Round "6.6"]
[White "Manca, Federico"]
[Black "Milazzo, Mario"]
[Result "1-0"]
[WhiteElo "2405"]
[BlackElo "2069"]
[Annotator "Gabriele Ballarin"]
[PlyCount "141"]
[EventDate "2010.12.12"]
[EventType "swiss"]
[EventRounds "9"]
[EventCountry "ITA"]

1. e4 e5 2. Nf3 Nc6 3. Bb5 a6 4. Ba4 Nf6 5. O-O Be7 6. Re1 b5 7. Bb3 O-O 8. d4 d6 9. c3 Nd7 10. Nbd2 Na5 11. Bc2 c5 12. Nf1 exd4 13. cxd4 Re8 14. Ng3 g6 15. d5 Bf6 16. Rb1 Nc4 17. b3 Ncb6 18. Bf4 Ne5 19. Nxe5 Bxe5 20. Bxe5 Rxe5 21. b4 cxb4 22. Rxb4 Qh4 23. Rb3 Bd7 24. Rc3 Rae8 25. Rf1 b4 26. Re3 Bb5 27. Bd3 Nc4 28. Re2 Qf4 29. Rc2 Na3 30. Rc7 h5 31. Ne2 Qf6 32. f3 R5e7 33. Bxb5 Nxb5 34. Rc6 Ra8 35. Qd2 a5 36. Rfc1 Kg7 37. Rb6 Na7 38. Ra6 Ree8 39. Rxa5 Reb8 40. Nd4 Qd8 41. Ra6 Rb7 42. Nc6 Qf6 43. Qf2 Nxc6 44. dxc6 Rc8 45. Rd1 Rbc7 46. Qd2 Rxc6 47. Rxc6 Rxc6 48. Qxb4 Rc2 49. Qd4 Rxa2 50. Qxf6+ Kxf6 51. Rxd6+ Ke5 52. Rd7 Ke6 53. Rb7 Rc2 54. h4 Rc6 55. Kh2 f5 56. Kg3 fxe4 57. fxe4 Ke5 58. Re7+ Kf6 59. Re8 Kf7 60. Ra8 Rc2 61. Ra7+ Kf6 62. Ra6+ Kf7 63. Ra3 Kf6 64. Kf3 Rb2 65. g3 Rb1 66. Ra6+ Kf7 67. Kf4 Rb4 68. Kg5 Rxe4 69. Rf6+ Ke7 70. Rxg6 Re5+ 71. Kh6 1-0

[Event "13.Città di Padova Open A"]
[Site "Padova Ex Fornace Carotta"]
[Date "2010.12.16"]
[Round "6.7"]
[White "Dragojlovic, Andjelko"]
[Black "Rogulj, Branko"]
[Result "1/2-1/2"]
[WhiteElo "2395"]
[BlackElo "2403"]
[Annotator "Gabriele Ballarin"]
[PlyCount "65"]
[EventDate "2010.12.12"]
[EventType "swiss"]
[EventRounds "9"]
[EventCountry "ITA"]

1. Nf3 Nf6 2. g3 g6 3. Bg2 Bg7 4. O-O O-O 5. c4 d5 6. cxd5 Nxd5 7. Nc3 c5 8. Nxd5 Qxd5 9. d3 Nc6 10. Be3 Bd7 11. Nd4 Qd6 12. Nxc6 Bxc6 13. Bxc6 Qxc6 14. Rc1 Qe6 15. Rxc5 Qxa2 16. Rb5 b6 17. Qa1 Qe6 18. Qa4 Qd7 19. Ra1 Rac8 20. Rb4 Qd6 21. Qb3 Rc7 22. Rba4 Qd7 23. Qa3 a5 24. Qb3 Rc6 25. Rc4 Qd6 26. Qc2 Rfc8 27. Rc1 Rxc4 28. dxc4 Qc6 29. b3 h5 30. h4 Be5 31. Qd3 Bf6 32. Rd1 a4 33. bxa4 1/2-1/2

[Event "13.Città di Padova Open A"]
[Site "Padova Ex Fornace Carotta"]
[Date "2010.12.06"]
[Round "6.8"]
[White "Kizov, Atanas"]
[Black "Zuttioni, Federico"]
[Result "1-0"]
[WhiteElo "2374"]
[BlackElo "1968"]
[Annotator "Gabriele Ballarin"]
[PlyCount "58"]
[EventDate "2010.12.12"]
[EventType "swiss"]
[EventRounds "9"]
[EventCountry "ITA"]

1. d4 d5 2. c4 e6 3. Nf3 Nf6 4. g3 Nbd7 5. Bg2 Bb4+ 6. Bd2 Be7 7. O-O Ne4 8. Bf4 O-O 9. Qc2 c6 10. Rd1 g5 11. Bc1 f5 12. b3 f4 13. Rf1 Qc7 14. Nfd2 Nef6 15. Ba3 Bxa3 16. Nxa3 Qb6 17. Qc3 c5 18. dxc5 Nxc5 19. Qe5 h6 20. Nb5 Bd7 21. Nc3 Rae8 22. cxd5 exd5 23. Qd4 Be6 24. Nxd5 Nxd5 25. Bxd5 Rd8 26. Bxe6+ Qxe6 27. Qxc5 Rxd2 28. Rfe1 Rxe2 29. Rxe2 Qxe2 1-0

[Event "13.Città di Padova Open A"]
[Site "Padova Ex Fornace Carotta"]
[Date "2010.12.16"]
[Round "6.9"]
[White "Schaefer, Michael"]
[Black "Voiska, Margarita"]
[Result "0-1"]
[WhiteElo "2232"]
[BlackElo "2320"]
[Annotator "Gabriele Ballarin"]
[PlyCount "58"]
[EventDate "2010.12.12"]
[EventType "swiss"]
[EventRounds "9"]
[EventCountry "ITA"]

1. d4 d5 2. c4 e6 3. Nc3 Be7 4. Nf3 Nf6 5. Bf4 O-O 6. e3 c5 7. cxd5 Nxd5 8. Nxd5 exd5 9. dxc5 Bxc5 10. Bd3 Bb4+ 11. Ke2 Bg4 12. Qc2 h6 13. Rhd1 Nc6 14. Kf1 Bxf3 15. gxf3 Qf6 16. Kg2 Rfd8 17. Rac1 Bd6 18. Bg3 h5 19. Qa4 d4 20. Be4 h4 21. Bxd6 Rxd6 22. Bxc6 h3+ 23. Kxh3 Rxc6 24. Kg2 Qg5+ 25. Kf1 Rxc1 26. Rxc1 dxe3 27. f4 Qd5 28. Qc4 Qf3 29. Rc2 Rd8 0-1

[Event "13.Città di Padova Open A"]
[Site "Padova Ex Fornace Carotta"]
[Date "2010.12.16"]
[Round "6.10"]
[White "Isatto, Davide"]
[Black "Gastiaburo, Hernan"]
[Result "0-1"]
[WhiteElo "1931"]
[BlackElo "2205"]
[Annotator "Gabriele Ballarin"]
[PlyCount "106"]
[EventDate "2010.12.12"]
[EventType "swiss"]
[EventRounds "9"]
[EventCountry "ITA"]

1. d4 Nf6 2. c4 e6 3. Nc3 Bb4 4. Qb3 c5 5. e3 b6 6. a3 Ba5 7. Bd2 O-O 8. Nf3 Na6 9. Bd3 Bb7 10. Qc2 Rc8 11. Nb5 Bxf3 12. gxf3 Bxd2+ 13. Qxd2 cxd4 14. exd4 Ra8 15. Nd6 Nc7 16. O-O Nce8 17. Ne4 d5 18. cxd5 Qxd5 19. Rad1 Rd8 20. Qf4 Nxe4 21. Bxe4 Qd6 22. Qh4 g6 23. d5 e5 24. Rc1 f5 25. Rc6 Qd7 26. Bd3 Rc8 27. Rfc1 Rxc6 28. Rxc6 Nd6 29. Bc4 Rd8 30. Qf6 e4 31. Ba2 exf3 32. Qc3 Qg7 33. Qxf3 Qxb2 34. Qb3 Qxb3 35. Bxb3 Rd7 36. f3 f4 37. Kf2 Kf7 38. Ke2 Kf6 39. Kd3 Ke5 40. Rc1 Nf5 41. Rc6 Nd4 42. Rc3 Nxb3 43. Rxb3 Rxd5+ 44. Kc3 Rd1 45. Kc4 Rc1+ 46. Kb5 Rc5+ 47. Ka6 Ra5+ 48. Kb7 Kd4 49. Kc6 g5 50. Kd6 Kc4 51. Rb4+ Kd3 52. h4 gxh4 53. Rxf4 Rh5 0-1

[Event "13.Città di Padova Open A"]
[Site "Padova Ex Fornace Carotta"]
[Date "2010.12.16"]
[Round "6.11"]
[White "De Santis, Alessio"]
[Black "Franco, Alessandro P"]
[Result "1-0"]
[WhiteElo "2293"]
[BlackElo "1906"]
[Annotator "Gabriele Ballarin"]
[PlyCount "75"]
[EventDate "2010.12.12"]
[EventType "swiss"]
[EventRounds "9"]
[EventCountry "ITA"]

1. d4 Nf6 2. c4 e6 3. Nc3 Bb4 4. Nf3 c5 5. e3 d6 6. Be2 Nc6 7. O-O Bxc3 8. bxc3 O-O 9. Qc2 b6 10. e4 e5 11. h3 Qc7 12. Be3 Ba6 13. d5 Na5 14. Nd2 Nd7 15. g3 Rae8 16. Kh2 Re7 17. Rg1 f6 18. Qa4 Ra8 19. Rg2 Nf8 20. Rh1 h6 21. h4 g5 22. f4 Rh7 23. fxg5 fxg5 24. Kg1 Qe7 25. Qd1 Rd8 26. Rgh2 Bc8 27. Bh5 Ba6 28. Qe2 Qg7 29. Bg4 Rb8 30. Bf5 gxh4 31. Rxh4 Qxg3+ 32. Kf1 Nxc4 33. Bxh7+ Nxh7 34. Rg4+ Kh8 35. Rxg3 Nxd2+ 36. Bxd2 Rf8+ 37. Ke1 Bxe2 38. Kxe2 1-0

[Event "13.Città di Padova Open A"]
[Site "Padova Ex Fornace Carotta"]
[Date "2010.12.16"]
[Round "6.12"]
[White "Binder, Andrea"]
[Black "Giuriato, Sergio"]
[Result "1/2-1/2"]
[WhiteElo "1898"]
[BlackElo "1934"]
[Annotator "Gabriele Ballarin"]
[PlyCount "76"]
[EventDate "2010.12.12"]
[EventType "swiss"]
[EventRounds "9"]
[EventCountry "ITA"]

1. Nf3 d5 2. g3 Nf6 3. Bg2 e6 4. O-O Be7 5. d3 O-O 6. Nbd2 c5 7. e4 Nc6 8. e5 Nd7 9. Re1 b5 10. c3 Bb7 11. h4 Qc7 12. Qe2 b4 13. Nf1 a5 14. Bf4 a4 15. a3 bxc3 16. bxc3 Na5 17. Ne3 Rfb8 18. c4 dxc4 19. dxc4 Nb6 20. Qc2 Nb3 21. Ra2 Rd8 22. Ng5 g6 23. Ne4 Nd4 24. Qb1 Rab8 25. Rb2 Ba6 26. Nd6 Nd7 27. Nb5 Qa5 28. Rd1 Bxb5 29. cxb5 Rxb5 30. Rxb5 Qxb5 31. Qxb5 Nxb5 32. Bc6 Nd4 33. Bxa4 Nb6 34. Bc2 Nxc2 35. Rxd8+ Bxd8 36. Nxc2 Nc4 37. Be3 Bb6 38. f4 Kf8 1/2-1/2

[Event "13.Città di Padova Open A"]
[Site "Padova Ex Fornace Carotta"]
[Date "2010.12.16"]
[Round "6.13"]
[White "Gallo, Enrico"]
[Black "Antoniacci, Ricardo"]
[Result "1-0"]
[WhiteElo "2093"]
[BlackElo "1923"]
[Annotator "Gabriele Ballarin"]
[PlyCount "51"]
[EventDate "2010.12.12"]
[EventType "swiss"]
[EventRounds "9"]
[EventCountry "ITA"]

1. e4 e5 2. Nf3 Nc6 3. Bb5 a6 4. Ba4 Nf6 5. O-O Be7 6. Re1 b5 7. Bb3 O-O 8. a4 Rb8 9. axb5 axb5 10. d3 d6 11. c3 Bg4 12. Nbd2 Qd7 13. h3 Bh5 14. Nf1 Ra8 15. Rxa8 Rxa8 16. Ng3 Bg6 17. Nh4 Na5 18. Bc2 c5 19. Qf3 Nc6 20. Ngf5 Ra1 21. Rd1 Bf8 22. Bg5 Rxd1+ 23. Bxd1 d5 24. exd5 Qxd5 25. Bxf6 Qxf3 26. Bxf3 1-0